000
00293nam a2200121Ia 4500
008
190216s9999||||xx |||||||||||||| ||und||
100
_a
Waltor Grierson
245
0
_a
20th Century Business Practice
260
_b
London The Home Library
300
_a
xxviiip
650
_a
Commerce
942
_c
BK
999
_c
4700
_d
4700